Phương trình vi phân: T1 Sách dùng trong các trường cao đẳng sư phạm

Shranjeno v:
Bibliografske podrobnosti
Glavni avtor: L E Elsgols
Format: Knjiga
Jezik:Undetermined
Izdano: Hà Nội Giáo dục 1979
Teme:
Oznake: Označite
Brez oznak, prvi označite!
Thư viện lưu trữ: Trung tâm Học liệu Trường Đại học Cần Thơ
LEADER 00596nam a2200181Ia 4500
001 CTU_1336
008 210402s9999 xx 000 0 und d
082 |a 515.3 
082 |b E49/T1 
100 |a L E Elsgols 
245 0 |a Phương trình vi phân: T1 
245 0 |b Sách dùng trong các trường cao đẳng sư phạm 
245 0 |c L E Elsgols; Dịch giả: Nguyễn Mạnh Quý, Nguyễn Mạnh Trinh 
260 |a Hà Nội 
260 |b Giáo dục 
260 |c 1979 
650 |a differential aquations 
980 |a Trung tâm Học liệu Trường Đại học Cần Thơ